[Event "3. Wittelsbacher Weihnachts-Schach-Open"]
[Site "Kelheim"]
[Date "2014.12.27"]
[Round "1.1"]
[White "Goderbauer, Benedikt"]
[Black "Krivoborodov, Egor"]
[Result "0-1"]
[WhiteElo "1818"]
[BlackElo "2517"]
[PlyCount "44"]
[EventDate "2014.??.??"]
[WhiteTeam "SC Moosburg"]
[BlackTeam "SC Garching"]

1. d4 d5 2. c4 c6 3. cxd5 cxd5 4. Bf4 Nf6 5. Nc3 Qb6 6. Qd2 Nc6 7. e3 Bf5 8.
Nf3 Ne4 9. Nxe4 Bxe4 10. Be2 e5 11. O-O Bb4 12. Qc1 exf4 13. Ng5 O-O 14. Nxe4
dxe4 15. Qc2 Rfe8 16. d5 Ne7 17. Qxe4 fxe3 18. fxe3 Ng6 19. Qf3 Rxe3 20. Qxf7+
Kh8 21. Kh1 Rxe2 22. a3 Bd6 0-1

[Event "3. Wittelsbacher Weihnachts-Schach-Open"]
[Site "Kelheim"]
[Date "2014.12.27"]
[Round "1.2"]
[White "Plat, Vojtech"]
[Black "Stadler, Andreas"]
[Result "1-0"]
[WhiteElo "2432"]
[BlackElo "1955"]
[PlyCount "47"]
[EventDate "2014.??.??"]
[WhiteTeam "SK König Plauen"]
[BlackTeam "SK München Südost"]

1. e4 e6 2. d3 d5 3. Qe2 Nf6 4. Nf3 c5 5. g3 Nc6 6. Bg2 Be7 7. O-O O-O 8. c3 d4
9. e5 Nd5 10. cxd4 cxd4 11. Nbd2 f6 12. exf6 Bxf6 13. Ne4 Bd7 14. Nxf6+ Qxf6
15. Ng5 Nc7 16. Be4 g6 17. h4 e5 18. f4 h6 19. Nf3 Bg4 20. Qg2 Kg7 21. fxe5
Nxe5 22. Nxe5 Qxe5 23. Bf4 Qe7 24. Qd2 1-0

[Event "3. Wittelsbacher Weihnachts-Schach-Open"]
[Site "Kelheim"]
[Date "2014.12.27"]
[Round "1.3"]
[White "Seifert, Werner"]
[Black "Pacher, Milan"]
[Result "0-1"]
[WhiteElo "1997"]
[BlackElo "2432"]
[PlyCount "86"]
[EventDate "2014.??.??"]
[WhiteTeam "SV WB Allianz München"]

1. e4 c5 2. d4 cxd4 3. c3 Nf6 4. e5 Nd5 5. Nf3 Nc6 6. cxd4 d6 7. Bc4 e6 8. O-O
Be7 9. Qe2 O-O 10. Nc3 dxe5 11. Nxe5 Nxd4 12. Qe4 Nxc3 13. bxc3 Nf5 14. Bd3 Qd5
15. Bf4 Qxe4 16. Bxe4 Nd6 17. Bf3 f6 18. Nd3 e5 19. Bd5+ Kh8 20. Be3 Bf5 21.
Nc5 Rab8 22. Ne6 Bxe6 23. Bxe6 b6 24. Rfd1 Rfd8 25. c4 Ne4 26. Rd7 Rxd7 27.
Bxd7 Bc5 28. Bc6 Nd6 29. Bd5 g6 30. Rd1 Kg7 31. Be6 Kf8 32. Kf1 Ke7 33. Bd5
Bxe3 34. fxe3 Rc8 35. Rc1 Rc5 36. Ke2 b5 37. Kd3 bxc4+ 38. Bxc4 f5 39. Rc2 Rxc4
40. Rxc4 Nxc4 41. Kxc4 Kd6 42. Kb5 g5 43. Ka6 f4 0-1

[Event "3. Wittelsbacher Weihnachts-Schach-Open"]
[Site "Kelheim"]
[Date "2014.12.27"]
[Round "1.4"]
[White "Pezerovic, Edin"]
[Black "Meulner, Fabian"]
[Result "1/2-1/2"]
[WhiteElo "2418"]
[BlackElo "1926"]
[PlyCount "98"]
[EventDate "2014.??.??"]
[WhiteTeam "Münchener SC"]
[BlackTeam "SW Nürnberg Süd"]

1. d4 d6 2. Nf3 f5 3. g3 Nf6 4. Bg2 g6 5. c4 Bg7 6. Nc3 O-O 7. O-O Nc6 8. d5
Na5 9. Qd3 e5 10. dxe6 Bxe6 11. b3 Qd7 12. Ng5 Nc6 13. Bb2 Ne5 14. Qc2 c6 15.
Rad1 Nf7 16. Nxf7 Rxf7 17. e3 h5 18. Ba3 d5 19. cxd5 cxd5 20. Qd3 Rd8 21. Ne2
Ng4 22. Nf4 Ne5 23. Qd2 Kh7 24. Bb2 Qd6 25. h4 Rfd7 26. Bd4 Nc6 27. Rfe1 Bf7
28. Nh3 Be5 29. Ng5+ Kg7 30. Re2 Bg8 31. Qb2 Bxd4 32. exd4 Re7 33. Nf3 f4 34.
Rxe7+ Nxe7 35. Ne5 fxg3 36. fxg3 Be6 37. Kh2 Nf5 38. Qd2 Qe7 39. Re1 Qf6 40.
Rc1 Re8 41. Qf4 Qd8 42. Nf3 Bf7 43. Ng5 Re7 44. Bf3 Qd7 45. Rc5 b6 46. Rc2 Bg8
47. Nh3 Be6 48. Qe5+ Kg8 49. Ng5 Nh6 1/2-1/2

[Event "3. Wittelsbacher Weihnachts-Schach-Open"]
[Site "Kelheim"]
[Date "2014.12.27"]
[Round "1.5"]
[White "Oestreicher, Hans-Ulrich"]
[Black "Böttger, Lukas"]
[Result "0-1"]
[WhiteElo "1987"]
[BlackElo "2236"]
[PlyCount "102"]
[EventDate "2014.??.??"]
[WhiteTeam "SK Markdorf"]
[BlackTeam "TuS Coswig"]

1. Nf3 d5 2. c4 Nf6 3. g3 g6 4. Bg2 Bg7 5. O-O O-O 6. cxd5 Nxd5 7. Nc3 Nb6 8.
d4 Nc6 9. e3 Be6 10. b3 h6 11. Bb2 a5 12. Ne4 Qc8 13. Nc5 Bg4 14. Qc1 Nd7 15.
Qc2 Nb4 16. Qb1 Nxc5 17. dxc5 Bf5 18. e4 Bxe4 19. Qxe4 Bxb2 20. Rad1 Bf6 21. a3
Na6 22. c6 bxc6 23. Nd4 Nb8 24. Nxc6 Nxc6 25. Qxc6 Rb8 26. Bd5 h5 27. Bc4 Rb6
28. Qc5 h4 29. Qxa5 hxg3 30. hxg3 Qg4 31. Qc5 Kg7 32. Rd3 Rd6 33. Qe3 Rxd3 34.
Bxd3 Bd4 35. Qf4 Qd7 36. Bc4 e5 37. Qe4 Qh3 38. Qg2 Qg4 39. Re1 Rd8 40. Qh2 Rd6
41. Qg2 Rf6 42. Re2 Rf3 43. Kh2 Rf5 44. a4 Qg5 45. Bd3 e4 46. Qxe4 Bxf2 47. Qh4
Qc1 48. Bxf5 Qg1+ 49. Kh3 Qf1+ 50. Kh2 Bg1+ 51. Kh1 Bb6+ 0-1

[Event "3. Wittelsbacher Weihnachts-Schach-Open"]
[Site "Kelheim"]
[Date "2014.12.27"]
[Round "1.6"]
[White "Gießmann, Stephan"]
[Black "Simon, Jonathan"]
[Result "1-0"]
[WhiteElo "2266"]
[BlackElo "1941"]
[PlyCount "61"]
[EventDate "2014.??.??"]
[WhiteTeam "SK Kelheim"]
[BlackTeam "SK Mömbris"]

1. d4 Nf6 2. Bf4 g6 3. e3 Bg7 4. Nf3 d6 5. h3 Nbd7 6. c4 O-O 7. Nc3 c6 8. Be2
Qe8 9. O-O e5 10. Bh2 Qe7 11. Rc1 Ne8 12. b4 a5 13. a3 Kh8 14. c5 f5 15. Na4
axb4 16. cxd6 Nxd6 17. axb4 f4 18. dxe5 Nxe5 19. Bxf4 Bf5 20. Nxe5 Bxe5 21.
Bxe5+ Qxe5 22. Nc5 Ra2 23. Bg4 Rd8 24. Bxf5 Qxf5 25. Qd4+ Kg8 26. e4 Qc8 27.
Rfd1 Nf7 28. Qf6 Rxd1+ 29. Rxd1 Qf8 30. Ne6 Qh6 31. Rd7 1-0

[Event "3. Wittelsbacher Weihnachts-Schach-Open"]
[Site "Kelheim"]
[Date "2014.12.27"]
[Round "1.7"]
[White "Altmann, Jens"]
[Black "Reinhardt, Bernd"]
[Result "0-1"]
[WhiteElo "2004"]
[BlackElo "2225"]
[PlyCount "74"]
[EventDate "2014.??.??"]
[WhiteTeam "SF Leipzig-Südost"]
[BlackTeam "BG Buchen"]

1. e4 d6 2. d4 Nf6 3. Bd3 e5 4. c3 Nc6 5. d5 Ne7 6. f4 exf4 7. Bxf4 Ng6 8. Bg5
Be7 9. Nf3 O-O 10. Nbd2 Nxd5 11. Bxe7 Qxe7 12. Nc4 f5 13. e5 Ngf4 14. O-O dxe5
15. Nfxe5 Qc5+ 16. Kh1 Nxd3 17. b4 N5xb4 18. cxb4 Qe7 19. Re1 Nxe5 20. Nxe5 Be6
21. Nf3 Qf6 22. b5 a6 23. Qc2 Rf7 24. Qc5 axb5 25. Nd4 Bc4 26. Nxb5 Bxb5 27.
Qxb5 c6 28. Qb3 Kh8 29. h3 h6 30. Rad1 Re7 31. Rf1 Qf7 32. Qd3 Re5 33. Qg3 Rae8
34. a4 Qe6 35. Qc3 Re2 36. Qf3 Qg6 37. Rb1 R8e3 0-1

[Event "3. Wittelsbacher Weihnachts-Schach-Open"]
[Site "Kelheim"]
[Date "2014.12.27"]
[Round "1.8"]
[White "Sailer, Wolfgang"]
[Black "Brack, Johannes"]
[Result "1-0"]
[WhiteElo "2205"]
[BlackElo "1999"]
[PlyCount "63"]
[EventDate "2014.??.??"]
[WhiteTeam "SK Ingolstadt"]
[BlackTeam "Regensb. Turnerschaft"]

1. d4 Nf6 2. c4 g6 3. Nc3 Bg7 4. e4 O-O 5. f4 d6 6. Nf3 Bg4 7. Be2 Re8 8. O-O
Nbd7 9. e5 Nh5 10. Ng5 Bxe2 11. Qxe2 h6 12. Nxf7 Kxf7 13. f5 g5 14. e6+ Kg8 15.
exd7 Qxd7 16. Qxh5 Bxd4+ 17. Kh1 Bg7 18. Bd2 Rf8 19. Nd5 c6 20. Ne3 Qe8 21. Qh3
h5 22. Qg3 Bf6 23. Rae1 Kh7 24. Bc3 Qf7 25. Bxf6 Qxf6 26. Qh3 Qf7 27. Ng4 Rae8
28. f6 e5 29. Ne3 Re6 30. Rf5 Kg6 31. Qg3 g4 32. Nxg4 1-0

[Event "3. Wittelsbacher Weihnachts-Schach-Open"]
[Site "Kelheim"]
[Date "2014.12.27"]
[Round "1.9"]
[White "Stadler, Wolfgang"]
[Black "Eibl, Maximilian"]
[Result "1/2-1/2"]
[WhiteElo "2059"]
[BlackElo "2165"]
[PlyCount "117"]
[EventDate "2014.??.??"]
[WhiteTeam "SK München Südost"]
[BlackTeam "SK Kelheim"]

1. e4 c5 2. Nf3 d6 3. d4 cxd4 4. Nxd4 Nf6 5. f3 a6 6. c4 g6 7. Nc3 Bg7 8. Be3
O-O 9. Qd2 Nc6 10. Be2 Ne5 11. Rc1 e6 12. Nc2 Qc7 13. b3 b6 14. O-O Re8 15.
Rfd1 Bf8 16. Nd4 Bb7 17. Bf1 Rad8 18. Qf2 Nfd7 19. h3 Qb8 20. Nde2 Ba8 21. Nd4
Rc8 22. Kh1 Nc6 23. Rc2 Nc5 24. Rcc1 Bg7 25. Nxc6 Bxc6 26. Bd4 Bxd4 27. Qxd4
Rcd8 28. Rd2 e5 29. Qe3 Ne6 30. Rcd1 f5 31. Bd3 f4 32. Qf2 g5 33. Bf1 Re7 34.
Kg1 h5 35. Be2 Rg7 36. Nd5 Bxd5 37. cxd5 Nd4 38. Rxd4 exd4 39. Qxd4 b5 40. Qf6
Qc8 41. Bd3 g4 42. fxg4 hxg4 43. hxg4 Re8 44. Qxf4 Qc5+ 45. Qf2 Qc3 46. Qe3 Qe5
47. Be2 Rh7 48. Bf3 Rc8 49. Kf2 Rc2+ 50. Rd2 Rc1 51. Rd1 Qb2+ 52. Rd2 Qe5 53.
Rd1 Rcc7 54. Rd2 Rh1 55. Re2 Rcc1 56. g3 Rcf1+ 57. Kg2 Qh8 58. Qg5+ Kf7 59.
Qf5+ 1/2-1/2

[Event "3. Wittelsbacher Weihnachts-Schach-Open"]
[Site "Kelheim"]
[Date "2014.12.27"]
[Round "1.10"]
[White "Wurzel, Andre"]
[Black "Strohmann, Marcel"]
[Result "1-0"]
[WhiteElo "2243"]
[BlackElo "1864"]
[PlyCount "39"]
[EventDate "2014.??.??"]
[WhiteTeam "SK Ingolstadt"]
[BlackTeam "SV Erkenschwick"]

1. d4 Nf6 2. c4 g6 3. Nc3 Bg7 4. e4 d6 5. h3 O-O 6. Be3 e5 7. d5 Ne8 8. g4 f5
9. exf5 gxf5 10. gxf5 Bxf5 11. Nge2 Nd7 12. Ng3 Bg6 13. h4 Bf6 14. h5 Bf7 15.
Nf5 Ng7 16. Qg4 Kh8 17. Bd3 Rg8 18. Nh6 Bxh5 19. Rxh5 Nxh5 20. Nf7# 1-0

[Event "3. Wittelsbacher Weihnachts-Schach-Open"]
[Site "Kelheim"]
[Date "2014.12.27"]
[Round "1.11"]
[White "Frei, Robert"]
[Black "Müller, Richard"]
[Result "0-1"]
[WhiteElo "1878"]
[BlackElo "2155"]
[PlyCount "50"]
[EventDate "2014.??.??"]
[WhiteTeam "TSV Mindelheim"]
[BlackTeam "TuS Coswig"]

1. e4 c5 2. c3 d5 3. exd5 Qxd5 4. d4 Nf6 5. Nf3 e6 6. Na3 Qd8 7. Nc2 Be7 8. Bd3
O-O 9. Qe2 Nbd7 10. O-O Re8 11. Bg5 Qc7 12. Rad1 a6 13. Ne5 cxd4 14. Nxd7 Bxd7
15. Nxd4 Qa5 16. Bxf6 Bxf6 17. Qe4 g6 18. Qxb7 Red8 19. Bc4 Rab8 20. Qxa6 Qxa6
21. Bxa6 Rxb2 22. c4 Ba4 23. Nb3 Rxd1 24. Rxd1 Rxa2 25. Ra1 Bxb3 0-1

[Event "3. Wittelsbacher Weihnachts-Schach-Open"]
[Site "Kelheim"]
[Date "2014.12.27"]
[Round "1.12"]
[White "Spieß, Martin"]
[Black "Doleschal, Johannes"]
[Result "1-0"]
[WhiteElo "2123"]
[BlackElo "2019"]
[PlyCount "111"]
[EventDate "2014.??.??"]
[WhiteTeam "SK Ingolstadt"]
[BlackTeam "TSV Kirchenlaibach"]

1. e4 e5 2. Nf3 Nc6 3. Bb5 a6 4. Ba4 Nf6 5. Qe2 Be7 6. O-O d6 7. c3 O-O 8. Rd1
Bg4 9. h3 Bh5 10. d3 Kh8 11. Nbd2 Nd7 12. g4 Bg6 13. Nf1 Nc5 14. Bc2 Ne6 15.
Ng3 Bf6 16. Nf5 h6 17. Be3 Bg5 18. d4 Nf4 19. Bxf4 Bxf4 20. dxe5 Nxe5 21. Nxe5
Bxe5 22. Ne3 Qh4 23. Qf1 Rae8 24. f4 Bf6 25. Qf3 Bd8 26. Re1 c6 27. Ng2 Qf6 28.
Re2 Re7 29. Rae1 Rfe8 30. h4 Bb6+ 31. Kh1 Bh7 32. g5 hxg5 33. hxg5 Qe6 34. Bb3
Qd7 35. Kh2 Kg8 36. Kg3 Kf8 37. Rh1 Bg8 38. Rh8 g6 39. Ne1 d5 40. Qh1 Rxe4 41.
Rxe4 Rxe4 42. Ng2 Re8 43. Qh7 Ke7 44. Rxg8 Rxg8 45. Qxg8 Qf5 46. Qb8 Qd3+ 47.
Kh2 Bf2 48. Qxb7+ Kf8 49. Qb8+ Kg7 50. Qe5+ Kh7 51. f5 gxf5 52. Qf4 Qe2 53.
Qxf5+ Kg8 54. g6 f6 55. Bd1 Qf1 56. Qe6+ 1-0

[Event "3. Wittelsbacher Weihnachts-Schach-Open"]
[Site "Kelheim"]
[Date "2014.12.27"]
[Round "1.13"]
[White "Malzer, Werner"]
[Black "Steinmüller Günther"]
[Result "0-1"]
[WhiteElo "1906"]
[BlackElo "2193"]
[PlyCount "104"]
[EventDate "2014.??.??"]
[WhiteTeam "TSV Kirchenlaibach"]
[BlackTeam "ASK St. Valentin"]

1. e4 d5 2. exd5 Qxd5 3. Nc3 Qa5 4. Nf3 Nf6 5. Be2 c6 6. O-O Bf5 7. Nd4 Bg6 8.
d3 Qc7 9. Be3 e6 10. Bf3 Nbd7 11. Ne4 Nxe4 12. Bxe4 Nf6 13. Bf3 Bd6 14. g3 Nd5
15. Bxd5 exd5 16. Qf3 Qd7 17. Bf4 Be7 18. Rfe1 O-O 19. a4 Rfe8 20. Bd2 Bf6 21.
Bc3 Qh3 22. g4 Qh4 23. Qg3 Qxg3+ 24. hxg3 h5 25. gxh5 Bxh5 26. Kg2 Bg4 27. f3
Bd7 28. Ne2 Be7 29. Nf4 Bd6 30. Rxe8+ Rxe8 31. Re1 Rxe1 32. Bxe1 f6 33. Ne2 Kf7
34. a5 c5 35. b3 Bc6 36. Bd2 Bc7 37. Kf2 Ke6 38. Nf4+ Kf7 39. Ne2 g5 40. Ng1
Kg6 41. Ne2 b6 42. axb6 axb6 43. Bc1 b5 44. Be3 Bd6 45. Ke1 d4 46. Bf2 Bxf3 47.
Kd2 Kh5 48. Ng1 Kg4 49. c3 Bxg3 50. Bxg3 Kxg3 51. Nxf3 Kxf3 52. b4 dxc3+ 0-1

[Event "3. Wittelsbacher Weihnachts-Schach-Open"]
[Site "Kelheim"]
[Date "2014.12.27"]
[Round "1.14"]
[White "Fuhrmann, Max"]
[Black "Link, Klaus"]
[Result "1-0"]
[WhiteElo "2143"]
[BlackElo "1927"]
[PlyCount "73"]
[EventDate "2014.??.??"]
[WhiteTeam "SK Kelheim"]
[BlackTeam "SK Klingenberg"]

1. e4 c5 2. Nf3 Nc6 3. d4 cxd4 4. Nxd4 Nf6 5. Nc3 d6 6. Be2 e5 7. Nb3 Be7 8.
Be3 Be6 9. f4 exf4 10. Bxf4 O-O 11. Bf3 Ne5 12. Nd5 Re8 13. O-O Bxd5 14. exd5
Qb6+ 15. Kh1 Bf8 16. Bg3 Nxf3 17. Qxf3 Qe3 18. Rad1 Qxf3 19. gxf3 Nh5 20. Nd4
Nxg3+ 21. hxg3 Re3 22. c4 g6 23. Rf2 Rae8 24. Kg2 a6 25. Rc2 b6 26. Kf2 Bg7 27.
Ne6 Re5 28. Nc7 Rc8 29. Nxa6 h5 30. Nb4 Bh6 31. Nc6 Re3 32. Re2 Rce8 33. Rde1
Rxe2+ 34. Rxe2 Rxe2+ 35. Kxe2 Bc1 36. b4 Ba3 37. c5 1-0

[Event "3. Wittelsbacher Weihnachts-Schach-Open"]
[Site "Kelheim"]
[Date "2014.12.27"]
[Round "1.15"]
[White "Schmid, Bernhard"]
[Black "Kreuzer, Helmut"]
[Result "1/2-1/2"]
[WhiteElo "1797"]
[BlackElo "2127"]
[PlyCount "151"]
[EventDate "2014.??.??"]
[WhiteTeam "SC Sinzing"]
[BlackTeam "SK Kelheim"]

1. d4 Nf6 2. c4 e6 3. Nc3 d5 4. cxd5 exd5 5. Bg5 c6 6. e3 Be7 7. Bd3 O-O 8. Qc2
Nbd7 9. Nge2 Re8 10. O-O Nf8 11. f3 h6 12. Bh4 Ne6 13. Rad1 b6 14. a3 Bb7 15.
Bf5 Nf8 16. e4 g6 17. Bh3 dxe4 18. Bxf6 Bxf6 19. fxe4 Bg5 20. Qb3 Qe7 21. e5 c5
22. Nb5 Ba6 23. Nec3 cxd4 24. Nd6 Bxf1 25. Rxf1 Qxe5 26. Qxf7+ Kh8 27. Nxe8
Qxe8 28. Nd5 Qxf7 29. Rxf7 Kg8 30. Rc7 Re8 31. Kf1 h5 32. Nb4 a5 33. Nd3 Re3
34. Ne1 d3 35. Nf3 Rxf3+ 36. gxf3 Bf4 37. Rc6 b5 38. Rb6 b4 39. axb4 axb4 40.
Rxb4 Bxh2 41. Rb7 Bf4 42. Ke1 Nh7 43. Be6+ Kh8 44. Bf7 d2+ 45. Ke2 Kg7 46. Be8+
Kh6 47. Rb6 Kg7 48. Rxg6+ Kf8 49. Ba4 Kf7 50. Rg1 Nf6 51. b4 Ke7 52. Rg7+ Kd6
53. Rg6 Ke5 54. b5 Nd5 55. Kd3 h4 56. b6 Kf5 57. Rg4 h3 58. b7 h2 59. Rxf4+
Nxf4+ 60. Kxd2 h1=Q 61. b8=Q Qg2+ 62. Kc3 Qxf3+ 63. Kb4 Nd3+ 64. Ka5 Qe3 65.
Qb5+ Kf4 66. Qc4+ Kg3 67. Qc7+ Kf2 68. Qf7+ Ke1 69. Qe8 Ne5 70. Ka6 Qd4 71. Bb5
Kd2 72. Qc8 Qd5 73. Ka5 Qd6 74. Ka4 Ke3 75. Qc3+ Kf4 76. Qb4+ 1/2-1/2

[Event "3. Wittelsbacher Weihnachts-Schach-Open"]
[Site "Kelheim"]
[Date "2014.12.27"]
[Round "1.16"]
[White "Boos, Patrick"]
[Black "Bodenschatz, Josef"]
[Result "1-0"]
[WhiteElo "2122"]
[BlackElo "1999"]
[PlyCount "57"]
[EventDate "2014.??.??"]
[WhiteTeam "SV Worms"]
[BlackTeam "TSV Kirchenlaibach"]

1. e4 c6 2. d4 d5 3. Nc3 dxe4 4. Bc4 Nf6 5. f3 e3 6. Bxe3 Bf5 7. Qe2 e6 8.
O-O-O Be7 9. g4 Bg6 10. Nh3 Nd5 11. Bd2 O-O 12. Rhe1 Bf6 13. Ne4 Bh4 14. Rf1
Be7 15. f4 Bxe4 16. Qxe4 Nd7 17. f5 N7f6 18. Qg2 Nb6 19. Bd3 Qd5 20. Qxd5 exd5
21. g5 Nfd7 22. Nf2 Bd6 23. h4 g6 24. Ng4 Kg7 25. Rde1 Rfe8 26. fxg6 fxg6 27.
h5 gxh5 28. Nh6 Rxe1+ 29. Bxe1 1-0

[Event "3. Wittelsbacher Weihnachts-Schach-Open"]
[Site "Kelheim"]
[Date "2014.12.27"]
[Round "1.17"]
[White "Schmitz, Björn"]
[Black "Müller, Christian"]
[Result "0-1"]
[WhiteElo "1851"]
[BlackElo "2166"]
[PlyCount "83"]
[EventDate "2014.??.??"]
[WhiteTeam "SV Saal/Donau"]
[BlackTeam "SC Windischeschenbach"]

1. d4 d5 2. c4 c6 3. Nc3 Nf6 4. e3 a6 5. Qb3 e6 6. Nf3 Be7 7. Be2 O-O 8. O-O
dxc4 9. Bxc4 b5 10. Be2 Nbd7 11. a4 b4 12. Nb1 a5 13. Nbd2 c5 14. Qd1 Bb7 15.
Nb3 Bd5 16. Nfd2 Qc7 17. dxc5 Nxc5 18. Nxc5 Bxc5 19. Bf3 Rfd8 20. Qe2 Rac8 21.
Bxd5 Rxd5 22. Nc4 Bd6 23. Nxd6 Rxd6 24. e4 Rc6 25. f3 Nd7 26. Rd1 Nc5 27. Qe3
Qe5 28. Ra2 h6 29. Qe2 Nb3 30. Be3 Nc1 31. Qb5 Qxb5 32. axb5 Nxa2 33. bxc6 Rxc6
34. Rd8+ Kh7 35. Ra8 Rc2 36. Bd4 Nc1 37. Kf1 Nb3 38. Bb6 Rxb2 39. Ra7 Nd2+ 40.
Kg1 Nc4 41. Bxa5 Ra2 42. Bb6 0-1

[Event "3. Wittelsbacher Weihnachts-Schach-Open"]
[Site "Kelheim"]
[Date "2014.12.27"]
[Round "1.18"]
[White "Weber, Daniel"]
[Black "Bumes, Konrad"]
[Result "1-0"]
[WhiteElo "2036"]
[BlackElo "1848"]
[PlyCount "53"]
[EventDate "2014.??.??"]
[WhiteTeam "SC Bechhofen"]
[BlackTeam "SC Haar"]

1. e4 d5 2. exd5 Qxd5 3. Nc3 Qa5 4. d4 Nf6 5. Nf3 Bf5 6. Bd3 e6 7. Ne5 Bxd3 8.
Qxd3 c6 9. O-O Nbd7 10. Nc4 Qh5 11. Bf4 O-O-O 12. a4 Nc5 13. Qd1 Qh4 14. Qd2 h6
15. b4 Na6 16. b5 Nb4 17. bxc6 Nxc6 18. Nb5 Ne4 19. Qe3 g5 20. Nxa7+ Kd7 21.
Nxc6 bxc6 22. Ne5+ Ke8 23. Qxe4 Qxf4 24. Qxc6+ Ke7 25. Qb6 Rd6 26. Qc7+ Kf6 27.
Qxf7# 1-0

[Event "3. Wittelsbacher Weihnachts-Schach-Open"]
[Site "Kelheim"]
[Date "2014.12.27"]
[Round "1.19"]
[White "Wltschek, Christian"]
[Black "Meulner, Klaus"]
[Result "1/2-1/2"]
[WhiteElo "1951"]
[BlackElo "2117"]
[PlyCount "55"]
[EventDate "2014.??.??"]
[WhiteTeam "TSV Wacker Neutraubling"]
[BlackTeam "SW Nürnberg Süd"]

1. e4 b6 2. d4 Bb7 3. Nd2 e6 4. Ngf3 c5 5. c3 Nf6 6. Bd3 d5 7. e5 Nfd7 8. Qe2
Be7 9. O-O Qc8 10. Re1 Ba6 11. Nf1 Bxd3 12. Qxd3 Qa6 13. Qd1 Nc6 14. Be3 O-O
15. Ng3 cxd4 16. cxd4 Rfc8 17. a3 Na5 18. b4 Nc4 19. Qd3 Qa4 20. Bg5 Bf8 21.
Reb1 b5 22. Ne2 Ndb6 23. h4 Qa6 24. Bc1 Na4 25. Ng5 g6 26. h5 Bg7 27. hxg6 hxg6
28. Qh3 1/2-1/2

[Event "3. Wittelsbacher Weihnachts-Schach-Open"]
[Site "Kelheim"]
[Date "2014.12.27"]
[Round "1.20"]
[White "Kanewski, Josef"]
[Black "Lutter, Maximilian"]
[Result "1-0"]
[WhiteElo "2087"]
[BlackElo "1764"]
[PlyCount "66"]
[EventDate "2014.??.??"]
[WhiteTeam "SK Weiden"]
[BlackTeam "SK Neumarkt"]

1. d4 Nf6 2. c4 c5 3. d5 b5 4. cxb5 a6 5. b6 Qxb6 6. Nc3 e6 7. e4 exd5 8. exd5
d6 9. Bc4 Be7 10. Nf3 O-O 11. O-O Bg4 12. Re1 Re8 13. h3 Bxf3 14. Qxf3 Nbd7 15.
Qf5 Bf8 16. Re2 Qb4 17. Bd3 Rxe2 18. Bxe2 Re8 19. Qc2 g6 20. Bg5 Re5 21. a3 Qb7
22. f4 Re8 23. Qd2 Bg7 24. Rb1 h6 25. Bh4 Nh7 26. Bf3 Qb3 27. Ne4 Qb6 28. b4
Qc7 29. bxc5 Nxc5 30. Qc2 Qa5 31. Nxd6 Bd4+ 32. Kh2 Re3 33. Nc4 Qc7 1-0

[Event "3. Wittelsbacher Weihnachts-Schach-Open"]
[Site "Kelheim"]
[Date "2014.12.27"]
[Round "1.21"]
[White "Weiß, Thomas"]
[Black "Braun, Michael"]
[Result "1-0"]
[WhiteElo "1763"]
[BlackElo "2027"]
[PlyCount "127"]
[EventDate "2014.??.??"]
[WhiteTeam "SV Deggendorf"]
[BlackTeam "SG Büchenbach/Roth"]

1. e4 c5 2. c4 Nc6 3. Ne2 g6 4. d4 cxd4 5. Nxd4 Bg7 6. Be3 d6 7. Be2 Nf6 8. Nc3
O-O 9. O-O Bd7 10. f3 Rc8 11. Nxc6 Bxc6 12. Bxa7 Qa5 13. Bd4 Nd7 14. a3 Rfd8
15. b4 Bxd4+ 16. Qxd4 Qb6 17. Rfd1 Qxd4+ 18. Rxd4 Nb6 19. Rad1 Bd7 20. Nd5 Nxd5
21. Rxd5 Be6 22. Rb5 Rc7 23. c5 Ra8 24. cxd6 exd6 25. Ra1 Rc2 26. Bd1 Rc7 27.
a4 Kf8 28. a5 Ra6 29. Be2 Rac6 30. Rd1 Ke7 31. Rd2 f6 32. f4 Rc1+ 33. Kf2 Rb1
34. Rb6 Rd7 35. Bb5 Rc7 36. Rdxd6 Rc2+ 37. Ke3 Bg4 38. Bd3 Rb3 39. Rd5 Bc8 40.
Rc5 Rxg2 41. Rxc8 Rxh2 42. Rxb7+ Kd6 43. Rd8+ Kc6 44. Rb6+ Kc7 45. Rd5 Rh3+ 46.
Kd2 Rh2+ 47. Kc1 Rc3+ 48. Kd1 Ra3 49. Rc5+ Kd8 50. Be2 Ra1+ 51. Kd2 Ra2+ 52.
Rc2 Rxe2+ 53. Kxe2 Rxc2+ 54. Kd3 Rb2 55. a6 Kc7 56. Rb7+ Kc8 57. Kc3 Ra2 58. b5
f5 59. Rxh7 Kb8 60. Kb4 Re2 61. b6 Rxe4+ 62. Kb5 Re8 63. a7+ Ka8 64. Ka6 1-0

[Event "3. Wittelsbacher Weihnachts-Schach-Open"]
[Site "Kelheim"]
[Date "2014.12.27"]
[Round "1.22"]
[White "Simons, Peter"]
[Black "Broszeit, Peter"]
[Result "1-0"]
[WhiteElo "2043"]
[BlackElo "2012"]
[PlyCount "47"]
[EventDate "2014.??.??"]
[WhiteTeam "Rheinbacher SF"]
[BlackTeam "SV Erkenschwick"]

1. d4 Nf6 2. Bg5 d5 3. Bxf6 exf6 4. e3 Be6 5. Bd3 Be7 6. c3 c6 7. Nd2 O-O 8.
Ne2 Nd7 9. Qc2 g6 10. h4 f5 11. h5 Nf6 12. hxg6 hxg6 13. f3 Kg7 14. g4 fxg4 15.
Nf4 Rh8 16. O-O-O g5 17. Nxe6+ fxe6 18. Bg6 Qc7 19. fxg4 e5 20. Qf5 Raf8 21.
Rxh8 Rxh8 22. dxe5 Rf8 23. Rh1 Nh5 24. Qe6 1-0

[Event "3. Wittelsbacher Weihnachts-Schach-Open"]
[Site "Kelheim"]
[Date "2014.12.27"]
[Round "1.23"]
[White "Hinterreiter, Lorenz"]
[Black "Bader, Dominic"]
[Result "1-0"]
[WhiteElo "1816"]
[BlackElo "2103"]
[PlyCount "116"]
[EventDate "2014.??.??"]
[WhiteTeam "SK Abensberg"]
[BlackTeam "SG Büchenbach/Roth"]

1. e4 c5 2. Nf3 Nc6 3. d4 cxd4 4. Nxd4 Nf6 5. Nc3 e6 6. Be2 Bb4 7. Qd3 d5 8.
Nxc6 bxc6 9. O-O O-O 10. e5 Nd7 11. Qg3 Qc7 12. Bf4 Re8 13. h4 Rb8 14. Rad1 Qa5
15. h5 Ba6 16. Bh6 g6 17. hxg6 fxg6 18. Bxa6 Qxa6 19. a3 Bf8 20. Bc1 Bg7 21.
Rfe1 Nb6 22. b3 Rb7 23. a4 Rf7 24. f4 Bf8 25. Rf1 Nc8 26. Qd3 Qb6+ 27. Be3 Qc7
28. Qa6 Bb4 29. Ne2 Ba5 30. g3 h5 31. Kg2 Bb6 32. Rd3 Ne7 33. Nd4 Bxd4 34. Bxd4
Nf5 35. Bf2 Rb8 36. Rc3 Rc8 37. Rd1 Qb7 38. Qa5 c5 39. Rxc5 d4+ 40. Kg1 Rxc5
41. Qxc5 Rc7 42. Qb5 Qc8 43. Bxd4 Rxc2 44. Bxa7 Rg2+ 45. Kxg2 Qc2+ 46. Bf2 Ne3+
47. Kf3 Nxd1 48. Bc5 Qc3+ 49. Ke2 Qc2+ 50. Ke1 Qc3+ 51. Kxd1 Qf3+ 52. Kc2 Qg2+
53. Kb1 Qe4+ 54. Kb2 Qg2+ 55. Ka3 Qa8 56. Qd7 Qa6 57. Qe8+ Kh7 58. Qf7+ Kh8 1-0

[Event "3. Wittelsbacher Weihnachts-Schach-Open"]
[Site "Kelheim"]
[Date "2014.12.27"]
[Round "1.24"]
[White "Nussbaumer Johann"]
[Black "Vilsmeier, Christian"]
[Result "0-1"]
[WhiteElo "2041"]
[BlackElo "1989"]
[PlyCount "112"]
[EventDate "2014.??.??"]
[WhiteTeam "ASK St. Valentin"]
[BlackTeam "DJK-Regensburg Nord"]

1. d4 Nf6 2. c4 g6 3. Nc3 Bg7 4. e4 d6 5. h3 O-O 6. Nf3 c5 7. d5 a6 8. a4 b6 9.
Be3 e6 10. Bd3 exd5 11. exd5 Nbd7 12. Qd2 Qc7 13. O-O Ne5 14. Nxe5 dxe5 15. Bh6
Nh5 16. Bxg7 Kxg7 17. Be4 Rb8 18. Rfe1 Nf4 19. Bf3 Re8 20. Rad1 Qd8 21. d6 Be6
22. d7 Rf8 23. Qd6 Qg5 24. Ne4 Nxh3+ 25. Kh1 Qf4 26. Qe7 Rbd8 27. Rd6 Bf5 28.
Qf6+ Kg8 29. Re2 Qh6 30. gxh3 Qxh3+ 31. Kg1 Qxf3 32. Ng3 e4 33. Nxf5 Qxf5 34.
Qxf5 gxf5 35. Red2 f6 36. Rxb6 Rf7 37. Rb7 Kf8 38. Rd6 Ke7 39. Rxa6 Rxd7 40.
Raa7 Kd6 41. Ra6+ Ke5 42. Rxd7 Rxd7 43. Rc6 Rb7 44. Rxc5+ Kf4 45. Rc6 Rxb2 46.
Rxf6 Ra2 47. Rh6 Rxa4 48. Rxh7 Rxc4 49. Kg2 Rc2 50. Re7 Re2 51. Ra7 Kg5 52. Ra3
f4 53. Ra5+ Kg4 54. Kf1 Rc2 55. Ra4 Kf3 56. Ra3+ e3 0-1

[Event "3. Wittelsbacher Weihnachts-Schach-Open"]
[Site "Kelheim"]
[Date "2014.12.27"]
[Round "1.25"]
[White "Heiler, Karl"]
[Black "Lechermann, Markus"]
[Result "0-1"]
[WhiteElo "1876"]
[BlackElo "2030"]
[PlyCount "74"]
[EventDate "2014.??.??"]
[WhiteTeam "TG Biberach"]
[BlackTeam "MTV Ingolstadt"]

1. e4 c5 2. c3 d5 3. exd5 Qxd5 4. d4 Nf6 5. Nf3 Bg4 6. Be2 e6 7. Na3 cxd4 8.
Nb5 Na6 9. Nbxd4 Nc5 10. h3 Bh5 11. c4 Qd8 12. O-O Be7 13. b4 Nce4 14. Qa4+ Qd7
15. Nb5 O-O 16. Rd1 Qc8 17. Qb3 a6 18. Nbd4 a5 19. bxa5 Rxa5 20. Be3 Ra3 21.
Qc2 Nc3 22. Rdc1 Bg6 23. Qb2 Nxe2+ 24. Qxe2 Nd7 25. Nb5 Ra6 26. Bd4 Rd8 27. Rd1
h6 28. Rac1 f6 29. c5 Nxc5 30. Qe3 Rxa2 31. Bxc5 Rxd1+ 32. Rxd1 Bxc5 33. Nfd4
e5 34. Qg3 Bh5 35. Nc3 Bxd4 36. Nxa2 Bxd1 37. Qd3 Bh5 0-1